| 000 | 00573cam a2200145 4500500 | ||
|---|---|---|---|
| 005 | 20260208002405.0 | ||
| 041 | _afre | ||
| 042 | _adc | ||
| 100 | 1 | 0 |
_aGiafferi-Dombre, Natacha _eauthor |
| 245 | 0 | 0 | _aFrederick Errington Deborah, Gewertz, Yali’s Question : Sugar, Culture, and History, Chicago, University of Chicago Press, 2004, 319 p., bibl., index, ill. |
| 260 | _c2006. | ||
| 500 | _a3 | ||
| 786 | 0 | _nL'Homme | 180 | 4 | 2006-11-01 | p. 197u-257u | 0439-4216 | |
| 856 | 4 | 1 | _uhttps://shs.cairn.info/revue-l-homme-2006-4-page-197u?lang=fr&redirect-ssocas=7080 |
| 999 |
_c1646082 _d1646082 |
||